Designing delivering training/ (Record no. 194821)

MARC details
000 -LEADER
fixed length control field 00545nam a22001817a 4500
005 - DATE AND TIME OF LATEST TRANSACTION
control field 20230120155428.0
010 ## - LCCN (DPL NO)
LC control number ENG-136032
020 ## - INTERNATIONAL STANDARD BOOK NUMBER
International Standard Book Number 9788174467676
Terms of availability 225.00
035 ## - SYSTEM CONTROL NUMBER
System control number EN-119564
037 ## - SOURCE OF ACQUISITION
Source of stock number/acquisition DBAD/PUB
082 ## - DEWEY DECIMAL CLASSIFICATION NUMBER
Classification number 658.3124
100 ## - MAIN ENTRY--PERSONAL NAME
Personal name Simmonds, David
245 ## - TITLE STATEMENT
Title Designing delivering training/
Statement of responsibility, etc by David Simmonds
260 ## - PUBLICATION, DISTRIBUTION, ETC. (IMPRINT)
Place of publication, distribution, etc New Delhi
Name of publisher, distributor, etc Excel Books
Date of publication, distribution, etc 2009
270 ## - ADDRESS
Address A-45, Naraina, phase-I
City New Delhi
Postal code 110028
300 ## - PHYSICAL DESCRIPTION
Extent 226p.
Dimensions 24cm(pbk)
Other physical details Bibliography and Index
942 ## - ADDED ENTRY ELEMENTS (KOHA)
Source of classification or shelving scheme Dewey Decimal Classification
Item type English Books
Classification part 658.3124
Call number suffix SIM
Holdings
Withdrawn status Lost status Not for loan Collection code Home library Current library Date acquired Source of acquisition Cost, normal purchase price Full call number Barcode Copy number Cost, replacement price Koha item type
      Non-fiction R.K.Puram-8 R.K.Puram-8 20/01/2023 DBAD/PUB 225.00 658.3124 SIM EN-119564 1 225.00 English Books

© Delhi Public Library
Hit Counter
free hit counter